000 01176nam a2200313 i 4500
003 EG-GICUC
005 20260314095457.0
008 260129s1997 ua |||fr|||| 00| 0 d
040 _a EG-GICUC
_bara
_c EG-GICUC
_d EG-GICUC
_erda
041 0 _aAra
082 0 4 _221
_a343.3
_bع ل . ن
092 0 4 _221
099 _aLaw1 10 3433 ع ل . ن1997
100 0 _aعلى عوض حسن
_eمؤلف.
245 1 2 _aالنصوص الجنائية المحكوم بعدم دستوريتها من 1980 حتى مارس 1997 /
_cتأليف الدكتور على عوض حسن.
264 3 _aالإسكندرية :
_bدار المطبوعات الجامعية،
_c1997.
300 _a300 صفحة؛
_c24 سم.
336 _2rda content
_atext
337 _2rda media
_aComputer
338 _2rda carrier
_aOnline Resource
490 _aالمكتبة القانونية
546 _aالنص باللغة العربية
650 1 _aقانون الإجراءات الجنائية
_2qrmak
650 1 _aالقانون الجنائى
_2qrmak
651 1 _2qrmak
856 4 0 _uhttps://fll.law.cu.edu.eg/fulltext/bks/B10-08744.pdf
905 _a54
942 _2ddc
_cBK
_e21
_n0
999 _c60092
_d60092